Normal view
MARC view
- Schmid, Will (Project Editor).
Entry Personal Name
001 - CONTROL NUMBER
- control field: 2002
003 - CONTROL NUMBER IDENTIFIER
- control field: OSt
005 - DATE AND TIME OF LATEST TRANSACTION
- control field: 20200525100710.0
008 - FIXED-LENGTH DATA ELEMENTS
- fixed length control field: 200525|| aca||aabn | a|a d
040 ## - CATALOGING SOURCE
- Original cataloging agency: OSt
- Transcribing agency: OSt
100 ## - HEADING--PERSONAL NAME
- Personal name: Schmid, Will (Project Editor).
670 ## - SOURCE DATA FOUND
- Source citation: Work cat.: (OSt): Something New to Sing About Level II : , c1989.